000 005530000a22001810004500
003 MACL
005 20160228114700.0
008 160228b xxu||||| |||| 00| 0 eng d
040 _aMACL
_cMACL
041 _aHindi
082 _a800
100 _aडॉ सुशीला व्‍यापारी
_941152
245 _aसूरदास और वामन पंडित
260 _bश्री ना व्‍यापारी
_c1980
_aहैदराबाद
350 _a75
650 _aLiteracture
_939932
942 _cHIN
_k800
_2ddc
999 _c27824
_d27824